El impuesto diferido y sus mitos. (Registro nro. 10539)

Detalles MARC
000 -LEADER
fixed length control field 00324 a2200109 4500
001 - CONTROL NUMBER
control field ART_57522
005 - DATE AND TIME OF LATEST TRANSACTION
control field 20260410161610.0
008 - FIXED-LENGTH DATA ELEMENTS--GENERAL INFORMATION
fixed length control field 260409a
100 1# - MAIN ENTRY--PERSONAL NAME
Personal name Zgaib, Alfredo O.
245 10 - TITLE STATEMENT
Title El impuesto diferido y sus mitos.
773 0# - HOST ITEM ENTRY
Title Profesional & Empresaria
Related parts - Año XXV, Nº 280 (ene. 2023)
Record control number REV70

No hay ítems disponibles.